书目信息 |
| 题名: |
简明无机化学
|
|
| 作者: | 宋天佑, 编 | |
| 分册: | ||
| 出版信息: | 北京 高等教育出版社 2021.12 |
|
| 页数: | 505页 | |
| 开本: | 23cm | |
| 丛书名: | ||
| 单 册: | ||
| 中图分类: | O61 | |
| 科图分类: | ||
| 主题词: | 无机化学--wu ji hua xue--高等教育--教材 | |
| 电子资源: | ||
| ISBN: | 978-7-04-057209-4 | |
| 000 | 01181nam0 2200265 450 | |
| 001 | 29032 | |
| 005 | 20221011152620.52 | |
| 010 | @a978-7-04-057209-4@dCNY65.00 | |
| 100 | @a20220211d2021 em y0chiy50 ea | |
| 101 | 0 | @achi |
| 102 | @aCN@b110000 | |
| 105 | @aa a 001yy | |
| 200 | 1 | @a简明无机化学@Ajian ming wu ji hua xue@f宋天佑编 |
| 205 | @a第3版 | |
| 210 | @a北京@c高等教育出版社@d2021.12 | |
| 215 | @a505页@c图@d23cm | |
| 314 | @a宋天佑, 辽宁省沈阳市人, 1948年生, 1982年1月毕业于吉林大学化学系。 | |
| 320 | @a有书目 (第497-498页) 和索引 | |
| 330 | @a本书共20章, 参考教学时数为60左右。第一章为化学基础知识, 第二至八章为无机化学原理, 依次讲述化学热力学、化学平衡、原子结构、分子结构、晶体结构、配位化合物结构、氧化还原反应和电化学。第九至十九章为无机元素化学, 依次讲述VII A-I A族元素、零族元素, I B、II B、IV B-VII B族元素、VIII族元素、内过渡元素 (含III B族元素) 。第二十章介绍无机化学新进展。 | |
| 333 | @a普通高等教育“十一五”国家级规划教材 普通高等教育精品教材 | |
| 606 | 0 | @a无机化学@Awu ji hua xue@x高等教育@j教材 |
| 690 | @aO61@v5 | |
| 701 | 0 | @a宋天佑,@Asong tian you@f1948-@4编 |
| 801 | 0 | @aCN@c20220910 |
| 905 | @a河南城建学院图书馆@dO61@eS775=3-2@f2 | |
| 简明无机化学/宋天佑编.-第3版.-北京:高等教育出版社,2021.12 |
| 505页:图;23cm |
| 使用对象:普通高等教育“十一五”国家级规划教材 普通高等教育精品教材 |
| ISBN 978-7-04-057209-4:CNY65.00 |
| 本书共20章, 参考教学时数为60左右。第一章为化学基础知识, 第二至八章为无机化学原理, 依次讲述化学热力学、化学平衡、原子结构、分子结构、晶体结构、配位化合物结构、氧化还原反应和电化学。第九至十九章为无机元素化学, 依次讲述VII A-I A族元素、零族元素, I B、II B、IV B-VII B族元素、VIII族元素、内过渡元素 (含III B族元素) 。第二十章介绍无机化学新进展。 |
| ● |
| 相关链接 |
|
|
|
正题名:简明无机化学
索取号:O61/S775=3-2
 
预约/预借
| 序号 | 登录号 | 条形码 | 馆藏地/架位号 | 状态 | 备注 |
| 1 | 1582372 | 215823722 | 自科库401/401自科库 91排1列2层/ [索取号:O61/S775=3-2] | 在馆 | |
| 2 | 1582373 | 215823731 | 自科库401/401自科库 91排1列2层/ [索取号:O61/S775=3-2] | 在馆 |